LEADER 02901nam 2200601Ia 450 001 9910454433003321 005 20200520144314.0 010 $a1-281-22830-3 010 $a9786611228309 010 $a1-59385-945-7 035 $a(CKB)1000000000689294 035 $a(EBL)330587 035 $a(OCoLC)593285955 035 $a(SSID)ssj0000307309 035 $a(PQKBManifestationID)12117786 035 $a(PQKBTitleCode)TC0000307309 035 $a(PQKBWorkID)10243770 035 $a(PQKB)11716470 035 $a(MiAaPQ)EBC330587 035 $a(Au-PeEL)EBL330587 035 $a(CaPaEBR)ebr10210581 035 $a(CaONFJC)MIL122830 035 $a(EXLCZ)991000000000689294 100 $a20030415d2004 uy 0 101 0 $aeng 135 $aur|n|---||||| 181 $ctxt 182 $cc 183 $acr 200 14$aThe psychology of stereotyping$b[electronic resource] /$fDavid J. Schneider 210 $aNew York $cGuilford Press$dc2004 215 $a1 online resource (722 p.) 225 1 $aDistinguished contributions in psychology 300 $aDescription based upon print version of record. 311 $a1-57230-929-6 320 $aIncludes bibliographical references (p. 569-692) and index. 327 $aPreliminaries; Contents; 1 Introduction; 2 Methods; 3 Categories and Categorization; 4 Schema Theories; 5 Stereotype Structure and Implicit Personality Theories; 6 Stereotypes as Hypotheses; 7 Ingroups and Outgroups; 8 Prejudice and Discrimination; 9 The Development of Stereotypes; 10 Change of Stereotypes and Prejudice; 11 Content of Stereotypes Gender Race and Age; 12 Content of Stereotypes Stigmas; 13 Content of Stereotypes Other Categories; 14 Stereotype Content and Features; 15 Summary; References; Index 330 $aThe first comprehensive treatment of stereotypes and stereotyping, this text synthesizes a vast body of social and cognitive research that has emerged over the past-quarter century. Provided is an unusually broad analysis of stereotypes as products both of individual cognitive activities and of social and cultural forces. While devoting careful attention to harmful aspects of stereotypes, their connections to prejudice and discrimination, and effective strategies for countering them, the volume also examines the positive functions of generalizations in helping people navigate a complex wo 410 0$aDistinguished contributions in psychology. 606 $aStereotypes (Social psychology) 606 $aSocial psychology 608 $aElectronic books. 615 0$aStereotypes (Social psychology) 615 0$aSocial psychology. 676 $a303.3/85 700 $aSchneider$b David J.$f1940-$0986655 801 0$bMiAaPQ 801 1$bMiAaPQ 801 2$bMiAaPQ 906 $aBOOK 912 $a9910454433003321 996 $aThe psychology of stereotyping$92255002 997 $aUNINA LEADER 01474nas 2200505- 450 001 996209961803316 005 20231213213019.0 011 $a2053-1583 035 $a(DE-599)ZDB2779376-X 035 $a(OCoLC)882481019 035 $a(CKB)2670000000433865 035 $a(CONSER)--2023220061 035 $a(EXLCZ)992670000000433865 100 $a20140702a20149999 --- - 101 0 $aeng 135 $aurcn||||||abp 181 $ctxt$2rdacontent 182 $cc$2rdamedia 183 $acr$2rdacarrier 200 00$a2d materials 210 1$a[Bristol, UK] :$cIOP Publishing,$d2014- 215 $a1 online resource 320 $aIncludes bibliographical references. 517 1 $aTwo d materials 517 1 $aTwo dimensional materials 606 $aGraphene$vPeriodicals 606 $aMaterials science$vPeriodicals 606 $aGraphène$vPériodiques 606 $aScience des matériaux$vPériodiques 606 $aGraphene$2fast$3(OCoLC)fst01746494 606 $aMaterials science$2fast$3(OCoLC)fst01011957 608 $aPeriodicals.$2fast 608 $aPeriodicals.$2lcgft 615 0$aGraphene 615 0$aMaterials science 615 6$aGraphène 615 6$aScience des matériaux 615 7$aGraphene. 615 7$aMaterials science. 676 $a620.115 712 02$aInstitute of Physics (Great Britain), 906 $aJOURNAL 912 $a996209961803316 996 $a2D Materials$92010158 997 $aUNISA